00433nam a2200121Ia 4500008004100000245009200041260004500133260000900178300000700187650002300194650001200217856008200229170516s9999 xx 000 0 und d aInformation and communication technology-based cardiac rehabilitation homecare programs bSmart Homecare Technology and TeleHealth c2015 a3: xMedical Technology xMedtech uhttps://www.dovepress.com/smart-homecare-technology-and-telehealth-i1018-j140